000 00707ntaaa2200205 4500
003 01
005 20251027202354.0
008 0714s1973 ag 01
040 _aAR-BaBN
_bspa
_cAR-BaBN
_eaacr
_dRIC
082 _a282.0000 P69
100 _aPlanas, Juan
245 _aEl misionero apostólico
250 _a1 ed.
260 _aBarcelona :
_bImprenta y Librería Religiosa y Científica del Heredero de D. Pablo Riera,
_c1887
300 _a318 p
500 _a6 conferencias teológico-morales sobre la herejía y la superstición y los siete pecados capitales. Con su perversa prole, los vicios a ellos subordinados.
650 _acatolicismo
_9316
650 _apecados capitales
_922448
942 _cBK
999 _c18635
_d18635